|
|
|
|
| LEADER |
00754cam a2200217 7i4500 |
| 001 |
0000077659 |
| 005 |
20240228090000.0 |
| 020 |
|
|
|a 9789836285249 (paperback)
|
| 090 |
0 |
0 |
|a Q127.M4
|b H35 2004
|
| 100 |
0 |
|
|a Hairudin Harun
|
| 245 |
1 |
0 |
|a Retorik sains dan teknologi di Malaysia
|c Hairudin Harun.
|
| 264 |
|
|
|a Kuala Lumpur:
|b Dewan Bahasa dan Pustaka,
|c 2004.
|
| 300 |
|
|
|a x, 225 pages;
|c 23 cm.
|
| 336 |
|
|
|a text
|2 rdacontent
|
| 337 |
|
|
|a unmediated
|2 rdamedia
|
| 338 |
|
|
|a volume
|2 rdacarrier
|
| 500 |
|
|
|a Gift: Prof. Dr. Md Sidin bin Ahmad Ishak
|
| 650 |
|
0 |
|a Technology and state --
|z Malaysia
|
| 650 |
|
0 |
|a Science and state --
|z Malaysia
|
| 650 |
|
0 |
|a Information technology --
|z Malaysia
|
| 999 |
|
|
|a 0000071055
|b BOK
|c OPEN SHELF
|e 2nd Floor, Bestari Jaya
|